000 01617cad a22002415a 4500
001 L157378
008 121119s2012 xxk f 000 0 eng d
035 _a(Sirsi) u157378
041 0 _aeng
110 2 _aChartered Institute of Housing
_92394
245 0 4 _aThe housing report
_bEdition 3 November 2012
_h[electronic resource]
260 _aLondon
_bCIH
_bNHF
_bShelter
_c2012
505 2 _aIntroduction --Summary of findings -- Housing Supply -- Planning -- Overcrowding -- Homelessness -- Evictions, repossessions and arrears -- Help with housing costs -- Empty homes -- Mobility -- Affordability of private rented sector -- Homeownership -- Conclusions -- Appendix
520 _aA mid term review of the Coalition Government's housing policy is highly critical of its efforts to reduce overcrowding, homelessness, assistance with social housing costs and affordability issues in private rented sector due to soaring rents. Notes evictions, repossessions and arrears are down and additional funding is available to bring empty homes back into occupancy. Some progress is being made to improve housing supply, simplify planning procedures and make home ownership a reality rather than a dream. Uses a green, amber and red traffic light system to measure progress.
590 _aKA
651 4 _aEngland and Wales
_y1543-
690 _aResidential property
_96266
690 _aAffordable housing
_96215
710 1 _aNational Housing Federation
_9695
710 1 _aShelter
_92788
856 4 0 _uhttps://www.housing.org.uk/pdf/Housing%20Report%203.pdf
_zView the item free of charge at www.cih.org
942 _n0
999 _c114739
_d114739